000 00328nam a22001457a 4500
003 OSt
008 231026b |||||||| |||| 00| 0 eng d
041 _ahin
082 _a891.54
_bISH/GA
100 _aKhandewal, Ishwarachandra
_95535
245 _aGady udyan
260 _aDelhi
_bSikhsa Bharathi
300 _a100
942 _cBK
999 _c17751
_d17751